STATISTICS FOR MANAGEMENT (Record no. 343004)
[ view plain ]
| 000 -LEADER | |
|---|---|
| fixed length control field | 00413 a2200169 4500 |
| 003 - CONTROL NUMBER IDENTIFIER | |
| control field | OSt |
| 005 - DATE AND TIME OF LATEST TRANSACTION | |
| control field | 20180116182628.0 |
| 008 - FIXED-LENGTH DATA ELEMENTS--GENERAL INFORMATION | |
| fixed length control field | 160427b xxu||||| |||| 00| 0 eng d |
| 040 ## - CATALOGING SOURCE | |
| Transcribing agency | 0 |
| 082 ## - DEWEY DECIMAL CLASSIFICATION NUMBER | |
| Classification number | 519.5 LEV 1998 |
| 100 ## - MAIN ENTRY--PERSONAL NAME | |
| Personal name | RICHARD I. LEVIN |
| 110 ## - MAIN ENTRY--CORPORATE NAME | |
| Corporate name or jurisdiction name as entry element | DAVID S. RUBIN |
| 245 ## - TITLE STATEMENT | |
| Title | STATISTICS FOR MANAGEMENT |
| 250 ## - EDITION STATEMENT | |
| Edition statement | 7TH ED |
| 260 ## - PUBLICATION, DISTRIBUTION, ETC. | |
| Place of publication, distribution, etc. | PRENTICE HALL INC |
| Date of publication, distribution, etc. | 1998 |
| 942 ## - ADDED ENTRY ELEMENTS (KOHA) | |
| Institution code [OBSOLETE] | NBS |
| Koha item type | Book |
| Call number prefix | 519.5 LEV |
| Source of classification or shelving scheme | |
| Withdrawn status | Lost status | Damaged status | Not for loan | Permanent Location | Current Location | Date acquired | Total Checkouts | Full call number | Barcode | Date last seen | Date last checked out | Price effective from | Koha item type |
|---|---|---|---|---|---|---|---|---|---|---|---|---|---|
| Central Library (CL) | Central Library (CL) | 08/28/2013 | 6 | 519.5 LEV | NBS258 | 01/03/2024 | 10/19/2022 | 08/28/2013 | Book |
